Engineering Materials (Record no. 5237)

MARC details
000 -LEADER
fixed length control field 00366nam a22001577a 4500
005 - DATE AND TIME OF LATEST TRANSACTION
control field 20160914172505.0
008 - FIXED-LENGTH DATA ELEMENTS--GENERAL INFORMATION
fixed length control field 160914b xxu||||| |||| 00| 0 eng d
020 ## - INTERNATIONAL STANDARD BOOK NUMBER
ISBN 978-93-85039-11-9
041 ## - LANGUAGE CODE
Language code of text/sound track or separate title eng
100 ## - MAIN ENTRY--AUTHOR NAME
Personal name Rangwala,S.C
245 ## - TITLE STATEMENT
Title Engineering Materials
260 ## - PUBLICATION, DISTRIBUTION, ETC. (IMPRINT)
Name of publisher Charotor
Year of publication 2015
300 ## - PHYSICAL DESCRIPTION
Number of Pages 462
650 ## - SUBJECT ADDED ENTRY--TOPICAL TERM
Topical Term Engineering
942 ## - ADDED ENTRY ELEMENTS (KOHA)
Koha item type Books
Holdings
Lost status Damaged status Collection code Home library Current library Shelving location Date acquired Source of acquisition Cost, normal purchase price Full call number Accession Number Koha item type
    Reference JRU Library   SHELF-30-D 14/09/2016 PURCHASE 200.00 620.11 21200 Books
      JRU Library   SHELF-46-J 14/09/2016 PURCHASE 200.00   21201 Books
      JRU Library   SHELF-46-J 14/09/2016 PURCHASE 200.00   21202 Books
      JRU Library   SHELF-47-L 14/09/2016 PURCHASE 200.00   21203 Books
      JRU Library   SHELF-46-J 14/09/2016 PURCHASE 200.00   21204 Books